000 00868nam0a22002651 4500
001 rc\4209504
005 20250611013616.0
035 _a(NLR Aleph) 008010998
090 _a8700262
_c8700262
100 _a20130415d1951 |||y0rusy50 ca
101 0 _arus
102 _aRU
105 _aa z |||||
200 1 _aН.А. Некрасов в Петербурге
210 _a[Ленинград
_cАкад. наук СССР
_d1951]
215 _a198-225 с.
_cил.
_d26
300 _aЭкз. РНБ (Л10 Г-8/10): с автогр. авт.
300 _aБез тит. л. и обл.
300 _aОтт. из: Некрасовского сборника. 1951
700 1 _aРейсер
_bС.А.
_f1905-1989
_gСоломон Абрамович
801 0 _aRU
_bNLR
_gpsbo
801 1 _aRU
_bELAR
_2rusmarc
852 _aNLR
_jЛ10 Г-8/10
942 _cBOOK
980 _aNB